000 00465pab a2200181 454500
008 180718b1997 xxu||||| |||| 00| 0 eng d
100 _aBhal, S.K.
245 _aDiversification of Indian agriculture: issues and perspectives
260 _c1997
300 _ap.101-11
362 _aJul
650 _aAgriculture - India
650 _aAgriculture
700 _aMehta, P.
700 _aPrasher, R.S.
773 _aIndian Journal of Economics
909 _a42736
999 _c42736
_d42736